DeBÍ TiRAR MáS FOToS - Bad Bunny - Estadísticas

Estadísticas generales
  • Esta prueba ha sido intentada 30 veces
  • La puntuación promedio es 13 de 17
Estadísticas de respuestas
Hint Respuesta % Correcto
DtMF
93%
ft. Omar Courtz, Dei V VeLDÁ
86%
NUEVAYoL
82%
EoO
79%
KLOuFRENS
79%
BAILE INoLVIDABLE
75%
BOKeTE
75%
ft. Los Pleneros de la Cresta CAFé CON RON
75%
LA MuDANZA
75%
ft. RaiNao PERFuMITO NUEVO
75%
PIToRRO DE COCO
75%
LO QUE LE PASÓ A HAWAii
71%
TURiSTA
71%
VOY A LLeVARTE PA PR
71%
ft. Chuwi WELTiTA
68%
EL CLúB
64%
KETU TeCRÉ
64%
No se encontraron pruebas coincidentes
Distribución de puntuación
Porcentaje de gente con cada puntuación
Porcentaje por número respondido
Historial de tus puntuaciones
No has intentado esta prueba.